00751cam a22002174a 450000500170000002000340001704000330005108200150008410000200009924500550011925000120017426000320018630000280021850400200024652001790026654600090044565000280045465000160048265000190049870000160051720251007113304.0 a9781292001791cTZS 110,188 /= aMCCLbeng.eAACR 2nd rev.ed. a344.01 SAR aSargeant,Malcom10aEmployment lawc/ Malcolm,Sargeant and David Lewis a7th ed. aLondon :bPeason.;cc 2014. alxviii,410 p. :c23 cm. aIncludes index. aThis work offers a fresh approach to the law governing employment relations, emphasising the contemporary policy themes of social inclusion, competitiveness, and human rights aeng. 0aEmployment relationship 0aTrade union 0aEmployment law aLewis,David